LIBRARY ONLINE CATALOGUE

Scary footsteps / (Record no. 14466)

MARC details
000 -LEADER
fixed length control field 00607nam a22002052 4500
001 - CONTROL NUMBER
control field 0000008919
005 - DATE AND TIME OF LATEST TRANSACTION
control field 20151217160119.0
008 - FIXED-LENGTH DATA ELEMENTS--GENERAL INFORMATION
fixed length control field 080617s xx 000 0 eng d
020 ## - INTERNATIONAL STANDARD BOOK NUMBER
International Standard Book Number 0521578566 :
Terms of availability KES 205
040 ## - CATALOGING SOURCE
Original cataloging agency KABU
Transcribing agency KABU
100 1# - MAIN ENTRY--PERSONAL NAME
Personal name Mahlangu, Lindi.
-- 0000159707
245 10 - TITLE STATEMENT
Title Scary footsteps /
Statement of responsibility, etc. Lindi Mahlangu, Lungi Maseko and Joan Rankin.
260 ## - PUBLICATION, DISTRIBUTION, ETC. (IMPRINT)
Place of publication, distribution, etc. Cambridge :
Name of publisher, distributor, etc. C. U. P.,
Date of publication, distribution, etc. 1996.
300 ## - PHYSICAL DESCRIPTION
Extent 16 p.
700 1# - ADDED ENTRY--PERSONAL NAME
Personal name Maseko, Lungi.
-- 0000159708
700 1# - ADDED ENTRY--PERSONAL NAME
Personal name Rankin, Joan.
-- 0000132281
908 ## - PUT COMMAND PARAMETER (RLIN)
Put command parameter 080617
950 ## - LOCAL HOLDINGS (RLIN)
-- 1
Holdings
Withdrawn status Lost status Source of classification or shelving scheme Not for loan Home library Current library Date acquired Total Checkouts Full call number Barcode Date last seen Price effective from Koha item type
    Library of Congress Classification   Kabarak, Main Campus Kabarak, Main Campus 17/12/2015   PZ7 .M36S43 c. 1 012312 17/12/2015 17/12/2015 Children Collection